Individual Employment Law

Detalles Bibliográficos
Autor principal: England, Geoffrey
Formato: eBook
Lenguaje:inglés
Publicado: Toronto: Irwin Law Inc., 2000
Materias:
Acceso en línea:Acceso restringido

MARC

LEADER 00000nam a22000007a 4500
005 2021090104514.0
007 cr|||| ||||
008 210901s2000 ca |||||s|||| 00||0 eng d
020 |a 9781459314320 
035 |a 35338 
040 |a vLex 
090 |c 12200  |d 12200 
100 1 |a England, Geoffrey 
245 1 0 |a Individual Employment Law  |h [Recurso electrn̤ico] /  |c Geoffrey England 
256 |a Servicio en ln̕ea 
260 |a Toronto:  |b Irwin Law Inc.,  |c 2000 
300 |a 1 recurso electrn̤ico 
506 1 |a Disponible solo en los productos indicados  |d vLex Global  |d vLex Global (Academic Edition, excluding Law Schools)  |d vLex Global (U.S. Academic Edition, Law Schools)  |d vLex Global (U.S. Academic Edition, excluding Law Schools)  |d vLex Global (Academic Edition, Law Schools) 
650 0 4 |a Derecho Laboral y Seguridad Social  |z Canad̀ 
740 0 |a vLex Libros (Servicio en ln̕ea) 
856 4 0 |u https://app.vlex.com/#/sources/35338  |z Acceso restringido 
942 |c BOOK 
999 0 |a Labor law and social security